KOHA-Header-6

Maeeshat (Record no. 7920)

000 -LEADER
fixed length control field 00248nam a2200109Ia 4500
100 ## - MAIN ENTRY--AUTHOR NAME
Personal name Naadeem Assrar
245 #0 - TITLE STATEMENT
Title Maeeshat
260 ## - PUBLICATION, DISTRIBUTION, ETC. (IMPRINT)
Place of publication Karachi
Name of publisher Naqi Printer
Year of publication 1999
300 ## - PHYSICAL DESCRIPTION
Number of Pages 780
942 ## - ADDED ENTRY ELEMENTS (KOHA)
Koha item type Books

No items available.

Powered by Koha